Automatic Filtration of Spams in Multilingual Short Messages on Mobile and Social Media / (Record no. 608209)
[ view plain ]
| 000 -LEADER | |
|---|---|
| fixed length control field | 00428nam a22001337a 4500 |
| 003 - CONTROL NUMBER IDENTIFIER | |
| control field | NUST |
| 082 ## - DEWEY DECIMAL CLASSIFICATION NUMBER | |
| Classification number | 005.1,MEH |
| 100 ## - MAIN ENTRY--PERSONAL NAME | |
| Personal name | Mehmood, Kashif (MSCS-20) |
| 9 (RLIN) | 121332 |
| 245 ## - TITLE STATEMENT | |
| Title | Automatic Filtration of Spams in Multilingual Short Messages on Mobile and Social Media / |
| Statement of responsibility, etc. | Kashif Mehmood |
| 260 ## - PUBLICATION, DISTRIBUTION, ETC. | |
| Place of publication, distribution, etc. | Rawalpindi |
| Name of publisher, distributor, etc. | MCS,NUST |
| Date of publication, distribution, etc. | September,2015 |
| 300 ## - PHYSICAL DESCRIPTION | |
| Extent | xiii,94 p |
| 650 ## - SUBJECT ADDED ENTRY--TOPICAL TERM | |
| Topical term or geographic name entry element | PG Thesis MSCS | MSCS-20 |
| 9 (RLIN) | 121333 |
| 942 ## - ADDED ENTRY ELEMENTS (KOHA) | |
| Source of classification or shelving scheme | |
| Koha item type | Thesis |
| Withdrawn status | Lost status | Source of classification or shelving scheme | Damaged status | Not for loan | Permanent Location | Current Location | Shelving location | Date acquired | Total Checkouts | Full call number | Barcode | Date last seen | Price effective from | Koha item type |
|---|---|---|---|---|---|---|---|---|---|---|---|---|---|---|
| Military College of Signals (MCS) | Military College of Signals (MCS) | General Stacks | 02/26/2024 | 005.1,MEH | MCSTCS-361 (A) | 02/26/2024 | 02/26/2024 | Thesis |
